00769 2200253 4500001002100000005001700021008004100038020001800079035002500097082001100122090001800133100001700151245011700168250001200285260002500297300003800322440002200360500003100382500003000413650002600443700001800469850001200487990001600499YOGYA-0209000001821320150528114148.0 ind  a979-431-037-9 a0010-020900000018213 a001.56 a001.56bPea B aPEASE, Allan aBahasa tubuhbBagaimana membaca pikiran seseorang melalui gerak isyaratcAllan Pease ; alih bahasa, Arum Gayatri aCet. 11 aJakartabArcanc1996 aviii, 167 hlm. :bilus. ;c24 cm. aPsikologi Populer aJudul asli : Body language aBibliografi : hlm.165-167 aKomunikasi non verbal aGayatri, Arum aYOPDYOG a125-PN/P.01